The Dukes of Hazzard - Statistics

General Stats
  • This quiz has been taken 28 times
  • The average score is 13 of 16
Answer Stats
Question Answer % Correct
What does Bo and Luke Duke's car refer to? to General Robert Edward Lee
100%
What's the name of Daisy's white Jeep CJ-7 “Golden Eagle”? Dixie
95%
What's the name of Rosco's dog, a valiant basset hound with boundless energy? Flash
95%
What is Boss Hogg's full name? Jefferson Davis Hogg
95%
What's the name of Sheriff Coltrane's honest deputy, secretly in love with Daisy? Enos Strate
90%
What model is Bo and Luke's car? Dodge Charger 1969
86%
Which character was played by actor Denver Pyle ? Jesse DUKE
86%
What's the name of the bar where Daisy works and which belongs to Boss (like most of the county)? The Boar's Nest
86%
What does the “P” in Rosco P. Coltrane stand for? Purvis
81%
Which actor played Luke Duke ? Tom WOPAT
81%
What's the name of Boss's nephew, who's just as evil as his uncle, dresses like him, drives the same car as him, ... Hughie
76%
Does Hazzard County really exist in the USA ? NO
67%
How are Boss Hogg and Rosco P. Coltrane related? Rosco is Boss's brother-in-law
67%
In what year was the series first broadcast in the USA ? 1979
62%
Which channel was first broadcast on French television ? Antenne 2
57%
How many episodes were shot in total ? 147
43%
No matching quizzes found
Score Distribution
Percent of People with Each Score
Percentile by Number Answered
Your Score History
You have not taken this quiz